Statistics for Logos of Polish Political Parties

Click here to take the quiz!

General Stats

  • This quiz has been taken 48 times
  • The average score is 6 of 8

Answer Stats

Answer% Correct
Law and Justice / Prawo i Sprawiedliwość
100%
The Left / Lewica
100%
Confederation Liberty and Independence / Konfederacja Wolność i Niepodległość
96%
Polish People's Party / Polskie Stronnictwo Ludowe
93%
Szymon Hołownia's Poland 2050 / Polska 2050 Szymona Hołowni
91%
Civic Coalition / Koalicja Obywatelska
82%
Nonpartisan Local Government Activists / Bezpartyjni Samorządowcy
44%
There is One Poland / Polska Jest Jedna
42%

Score Distribution

Percentile by Number Answered

Percent of People with Each Score

Your Score History

You have not taken this quiz